[Event "Vårturnering"]
[Site "Ås"]
[Date "1987.04.28"]
[Round "8"]
[White "Brotnov, Henning Jens Birger"]
[Black "Wilberg, Alf"]
[WhiteElo "849"]
[BlackElo "1391"]
[Result "1-0"]
[PlyCount "73"]
[EventDate "1987.01.21"]

1. e4 b6 2. d4 e6 3. Nf3 Bb7 4. Bd3 Nf6 5. Bg5 h6 6. Bxf6 gxf6 7. c4 Rg8 8. O-O
d6 9. Re1 Qd7 10. b4 e5 11. d5 Qg4 12. g3 Nd7 13. Kg2 h5 14. h3 Qg6 15. Nh4 Qh7
16. Nc3 a6 17. a4 Be7 18. Nf5 Bc8 19. a5 bxa5 20. Rxa5 Nb6 21. c5 dxc5 22. bxc5
Bxf5 23. exf5 Nd7 24. Qa4 Kd8 25. Bxa6 Qxf5 26. d6 cxd6 27. cxd6 Bxd6 28. Ne4
Bc7 29. Rd5 Qe6 30. Rxd7+ Qxd7 31. Rd1 Qxd1 32. Qxd1+ Ke7 33. Bb5 Rgd8 34. Qxh5
Ra5 35. Bc4 Rd4 36. Qxf7+ Kd8 37. Nxf6 1-0

[Event "Vårturnering"]
[Site "Ås"]
[Date "1987.05.04"]
[Round "9"]
[White "Larsen, Vidar Stave"]
[Black "Brotnov, Henning Jens Birger"]
[WhiteElo "655"]
[BlackElo "849"]
[Result "0-1"]
[PlyCount "44"]
[EventDate "1987.01.21"]

1. e4 e5 2. Nf3 d5 3. d4 c5 4. c3 exd4 5. cxd4 dxe4 6. Ne5 cxd4 7. Bb5+ Bd7 8.
Nxd7 Qa5+ 9. Qd2 Qxb5 10. Nxf8 Nc6 11. Qf4 Kxf8 12. Qxe4 Re8 13. Qxe8+ Kxe8 14.
Na3 Qe5+ 15. Kf1 d3 16. g3 Nf6 17. Nc4 Qe2+ 18. Kg1 Nd4 19. Nd6+ Kd7 20. Bf4
Ng4 21. Rf1 Qf3 22. Be3 Ne2# 0-1

[Event "Vårturnering Ås, klasse 1"]
[Site "NLH"]
[Date "1988.09.30"]
[Round "1"]
[White "Kristiansen, Tore Knut"]
[Black "Grønvold, Jan"]
[Result "1-0"]
[WhiteElo "1419"]
[BlackElo "1176"]
[PlyCount "97"]
[EventDate "1986.09.23"]

1. e4 c5 2. d4 cxd4 3. c3 dxc3 4. Nxc3 Nc6 5. Nf3 d6 6. Bc4 Nf6 7. Ng5 e6 8. f4
Be7 9. f5 h6 10. fxe6 hxg5 11. exf7+ Kf8 12. Bxg5 Ne5 13. Qb3 Nxc4 14. Qxc4 Bg4
15. Rd1 Bxd1 16. Kxd1 Ng4 17. Bxe7+ Qxe7 18. Nd5 Nf2+ 19. Kc1 Qg5+ 20. Kb1 Nxh1
21. Nc7 Qd2 22. Ne6+ Ke7 23. a3 Rac8 24. Nc7 Rxc7 25. Qxc7+ Kf6 26. Qd7 Qd3+
27. Ka2 Qc4+ 28. Ka1 Qxf7 29. Qxd6+ Qe6 30. Qf4+ Ke7 31. Qc7+ Qd7 32. Qe5+ Kd8
33. Qg5+ Kc8 34. Qc1+ Qc6 35. Qxh1 Qxe4 36. Qc1+ Qc6 37. Qg5 Rxh2 38. Qf5+ Kc7
39. Qf4+ Qd6 40. Qf7+ Kb6 41. Qb3+ Kc7 42. Qf7+ Kd8 43. Qg8+ Kd7 44. Qxg7+ Qe7
45. Qg4+ Ke8 46. Qg8+ Qf8 47. Qe6+ Kd8 48. Qd5+ Ke8 49. Qe5+ 1-0

[Event "Vårturnering Ås, klasse 1"]
[Site "Ås"]
[Date "1988.03.01"]
[Round "1"]
[White "Lea, Per"]
[Black "Skaug, Thorbjørn"]
[Result "1-0"]
[WhiteElo "1711"]
[BlackElo "1098"]
[PlyCount "67"]
[EventDate "1988.??.??"]

1. e4 e6 2. d4 a6 3. c4 b5 4. cxb5 axb5 5. Bxb5 Bb7 6. Qe2 Bb4+ 7. Bd2 Qe7 8.
Nf3 Nf6 9. a3 Bxd2+ 10. Nbxd2 O-O 11. O-O c5 12. dxc5 Qxc5 13. Rac1 Qb6 14. a4
Ba6 15. Bxa6 Qxa6 16. Qxa6 Rxa6 17. b3 Nc6 18. Rc4 Rb6 19. Nd4 Na5 20. Rc5 Nb7
21. Rb5 Rd6 22. N2f3 Nxe4 23. Rxb7 Nd2 24. Nxd2 Rxd4 25. Nf3 Rd3 26. Ne5 Rd2
27. Nxd7 Rd8 28. Nc5 Rd1 29. b4 Kf8 30. a5 R1d5 31. a6 g6 32. a7 Kg7 33. Nxe6+
Kf6 34. Nxd8 1-0

[Event "Vårturnering Ås, klasse 1"]
[Site "Ås"]
[Date "1988.03.15"]
[Round "3"]
[White "Brotnov, Henning J B"]
[Black "Lea, Per"]
[Result "1/2-1/2"]
[WhiteElo "1334"]
[BlackElo "1711"]
[PlyCount "59"]
[EventDate "1988.??.??"]

1. e4 e5 2. Nf3 Nc6 3. Bc4 Bc5 4. c3 Nf6 5. d4 exd4 6. e5 Qe7 7. O-O Nxe5 8.
Nxe5 Qxe5 9. Re1 Ne4 10. Bd3 f5 11. Nd2 O-O 12. Nf3 Qf6 13. cxd4 Bb6 14. Qb3+
Kh8 15. Bxe4 fxe4 16. Rxe4 d6 17. Rf4 Qe7 18. Qe3 Qe8 19. Re4 Qg6 20. Nh4 Qf6
21. Rf4 Qxf4 22. Qxf4 Rxf4 23. Bxf4 Bxd4 24. Re1 Bd7 25. Nf3 Bf6 26. b3 Re8 27.
Rd1 Bg4 28. h3 Bxf3 29. gxf3 Re2 30. a4 1/2-1/2

[Event "Vårturnering Ås, klasse 1"]
[Site "Ås"]
[Date "1988.06.21"]
[Round "4"]
[White "Lea, Per"]
[Black "Kristiansen, Tore Knut"]
[Result "1-0"]
[WhiteElo "1711"]
[BlackElo "1419"]
[PlyCount "73"]
[EventDate "1988.??.??"]

1. e4 e5 2. Nf3 d6 3. d4 Bg4 4. dxe5 Bxf3 5. Qxf3 dxe5 6. Bc4 Qf6 7. Qb3 Bc5 8.
Qxb7 Bxf2+ 9. Ke2 Nc6 10. Qxa8+ Ke7 11. Nc3 Nd4+ 12. Kd3 c6 13. Qxa7+ Kd6 14.
Qb8+ Kd7 15. Bxf7 Ne7 16. Qxh8 Qxf7 17. Bg5 h6 18. Bxe7 Kxe7 19. Rhf1 Ne6 20.
Qb8 Qf4 21. Rxf2 Qxf2 22. Qxe5 Kd7 23. Rd1 Ke7 24. Nd5+ Kd7 25. Qf5 Qd4+ 26.
Ke2 Qc4+ 27. Ke1 Qc5 28. Nb6+ Kc7 29. Qxc5 Nxc5 30. Nc4 Nxe4 31. Ke2 c5 32. Ke3
Nf6 33. h3 g5 34. Rd6 Nh5 35. Rxh6 Nf4 36. Kf3 Nd5 37. Rh7+ 1-0

[Event "Vårturnering Ås, klasse 1"]
[Site "NLH"]
[Date "1988.09.30"]
[Round "5"]
[White "Brotnov, Henning Jens Birger"]
[Black "Skaug, Thorbjørn"]
[Result "0-1"]
[WhiteElo "1334"]
[BlackElo "1098"]
[PlyCount "82"]
[EventDate "1986.09.23"]

1. e4 e6 2. d4 a6 3. Nf3 b5 4. Bd3 c5 5. c3 Bb7 6. Bf4 Nf6 7. Nbd2 Be7 8. O-O
cxd4 9. cxd4 Nc6 10. Re1 Qb6 11. Nb3 Nb4 12. Bb1 Rc8 13. a3 Nc6 14. d5 Na5 15.
Nxa5 Qxa5 16. d6 Bf8 17. b4 Qb6 18. Be3 Qd8 19. e5 Nd5 20. Bc5 Nc3 21. Qd4 Bxf3
22. Qxc3 Bd5 23. Qh3 g6 24. Re3 Bg7 25. f4 O-O 26. Ba2 Bxa2 27. Rxa2 Rc6 28. g4
f6 29. g5 fxe5 30. fxe5 Rf5 31. Rae2 Rxg5+ 32. Kh1 Qa8 33. Re4 Bxe5 34. Qh6 Rh5
35. Qd2 Bg7 36. Qa2 Rd5 37. Rxe6 Rd1+ 38. Re1 Rxc5+ 39. R6e4+ Qd5 40. Rxd1 Qxa2
41. bxc5 Qc2 0-1

[Event "Vårturnering Ås, klasse 1"]
[Site "Ås"]
[Date "1988.04.19"]
[Round "5"]
[White "Grønvold, Jan"]
[Black "Lea, Per"]
[Result "0-1"]
[WhiteElo "1176"]
[BlackElo "1711"]
[PlyCount "56"]
[EventDate "1988.??.??"]

1. c4 Nf6 2. d4 g6 3. Nc3 Bg7 4. e4 d6 5. Nf3 O-O 6. Be3 Nbd7 7. Bd3 c5 8. d5
Ng4 9. Bf4 Nde5 10. h3 Nxd3+ 11. Qxd3 Ne5 12. Qe3 Nxc4 13. Qc1 Qa5 14. O-O Nxb2
15. Bh6 Nd3 16. Bxg7 Nxc1 17. Bxf8 Qxc3 18. Raxc1 Qf6 19. Bh6 Qb2 20. a4 Rb8
21. Nd2 Bd7 22. Nc4 Qb4 23. a5 Bb5 24. Bd2 Qa4 25. Nb2 Qxe4 26. Rfe1 Qxd5 27.
Rxe7 Bc6 28. f3 Qxd2 0-1

[Event "Vårturnering Ås, klasse 1"]
[Site "Ås"]
[Date "1988.05.03"]
[Round "6"]
[White "Lea, Per"]
[Black "Stensland, Martin"]
[Result "1-0"]
[WhiteElo "1711"]
[BlackElo "1236"]
[PlyCount "23"]
[EventDate "1988.??.??"]

1. e4 e6 2. d4 d5 3. Nc3 c5 4. dxc5 Bxc5 5. exd5 exd5 6. Nxd5 Ne7 7. Bc4 O-O 8.
Ne2 Bg4 9. Bg5 Qa5+ 10. Qd2 Bxf2+ 11. Kxf2 Qxd2 12. Nxe7+ 1-0

[Event "Vårturnering Ås, klasse 2"]
[Site "NLH"]
[Date "1988.09.30"]
[Round "7"]
[White "Larsen, Vidar Stave"]
[Black "Samset, Jon"]
[Result "0-1"]
[WhiteElo "832"]
[BlackElo "1006"]
[PlyCount "60"]
[EventDate "1986.09.23"]

1. e4 e5 2. Nf3 Nc6 3. Bb5 a6 4. Ba4 Nf6 5. d3 h6 6. a3 b5 7. Bb3 Bc5 8. h3 O-O
9. O-O d6 10. Nc3 Be6 11. Nd5 Nd4 12. Ba2 c6 13. Nxf6+ Qxf6 14. Nxd4 Bxd4 15.
c3 Bb6 16. Bb1 Qg6 17. Qf3 f5 18. exf5 Bxf5 19. Ba2+ Kh8 20. g4 Bxd3 21. Qxc6
Bxf1 22. Qxb6 Qd3 23. Bb1 Qxh3 24. Qc6 Qxg4+ 25. Kxf1 Qd1+ 26. Kg2 Qxc1 27.
Qxd6 Qg5+ 28. Kf1 Rad8 29. Qc5 Rd1+ 30. Ke2 Qd2# 0-1

[Event "Høstturnering"]
[Site "Ås"]
[Date "1988.10.11"]
[Round "1"]
[White "Lea, Per"]
[Black "Samset, Jon"]
[Result "1-0"]
[WhiteElo "1712"]
[BlackElo "1031"]
[PlyCount "25"]
[EventDate "1988.??.??"]

1. e4 e5 2. Nf3 Nc6 3. Bb5 a6 4. Ba4 b5 5. Bb3 Nf6 6. O-O h6 7. d4 d6 8. c3
Nxe4 9. Re1 Bf5 10. Bd5 Nxf2 11. Bxc6+ Ke7 12. Kxf2 Rc8 13. dxe5 1-0

[Event "Høstturnering"]
[Site "Ås"]
[Date "1988.11.04"]
[Round "2"]
[White "Johansen, Anders Sten"]
[Black "Lea, Per"]
[Result "1/2-1/2"]
[WhiteElo "1500"]
[BlackElo "1712"]
[PlyCount "103"]
[EventDate "1988.??.??"]

1. e4 e5 2. Nf3 Nc6 3. Bb5 a6 4. Ba4 Nf6 5. O-O Be7 6. Re1 b5 7. Bb3 O-O 8. c3
d6 9. h3 Na5 10. Bc2 c5 11. d4 Qc7 12. Nbd2 Nc6 13. d5 Na5 14. Nf1 Re8 15. Ng3
g6 16. Bg5 Qd8 17. a4 Bb7 18. axb5 axb5 19. b3 Nxd5 20. exd5 Bxg5 21. Qe2 Bxd5
22. Nxg5 Qxg5 23. Be4 Bxe4 24. Nxe4 Qe7 25. Qxb5 Nb7 26. Nf6+ Qxf6 27. Qxb7
Rab8 28. Qd5 Qe6 29. Qxe6 Rxe6 30. Rab1 d5 31. f3 f5 32. b4 cxb4 33. cxb4 e4
34. Rbd1 Rxb4 35. Rxd5 e3 36. Rd3 f4 37. h4 Rb2 38. Rd4 Rf6 39. Re4 Kf7 40. g3
fxg3 41. R1xe3 Ra6 42. Re2 Raa2 43. Rxb2 Rxb2 44. Rg4 Rh2 45. Rxg3 Rxh4 46. Rg5
Kf6 47. Ra5 Rf4 48. Kg2 Rf5 49. Ra4 h5 50. Kg3 Kg5 51. f4+ Kh6 52. Kh4 1/2-1/2

[Event "Høstturnering"]
[Site "Ås"]
[Date "1988.11.08"]
[Round "3"]
[White "Lea, Per"]
[Black "Olsen, Trygve"]
[Result "1-0"]
[WhiteElo "1712"]
[BlackElo "1426"]
[PlyCount "79"]
[EventDate "1988.??.??"]

1. e4 e5 2. Nf3 Nc6 3. Bb5 d6 4. d4 Bd7 5. O-O Nf6 6. Re1 Be7 7. Nc3 a6 8. Ba4
b5 9. Bb3 O-O 10. Bg5 b4 11. Na4 Bg4 12. Bxf6 Bxf6 13. Bd5 Nxd4 14. Bxa8 Nxf3+
15. gxf3 Bh3 16. Bd5 Bg5 17. Kh1 Bf4 18. Rg1 h5 19. b3 g5 20. Nb2 Qf6 21. Nd3
Kh7 22. Nxf4 Qxf4 23. Rg3 Bd7 24. Qc1 f6 25. Qxf4 exf4 26. Rgg1 Kg6 27. Rac1 a5
28. c3 c5 29. cxb4 axb4 30. a3 Rb8 31. Ra1 g4 32. fxg4 hxg4 33. f3 Kh5 34. axb4
gxf3 35. Ra7 Rd8 36. bxc5 dxc5 37. Bc4 f2 38. Rg2 f3 39. Rxf2 Kg4 40. Rxd7 1-0

[Event "Høstturnering"]
[Site "Ås"]
[Date "1988.11.29"]
[Round "5"]
[White "Brotnov, Henning J B"]
[Black "Lea, Per"]
[Result "0-1"]
[WhiteElo "1353"]
[BlackElo "1712"]
[PlyCount "68"]
[EventDate "1988.??.??"]

1. e4 e5 2. Nf3 Nc6 3. Bc4 Bc5 4. c3 Nf6 5. d4 exd4 6. e5 d5 7. Bd3 Ne4 8. b4
Bb6 9. c4 Nxb4 10. Qa4+ Nc6 11. cxd5 Qxd5 12. O-O Bf5 13. Bb2 Nc5 14. Qc4 Qxc4
15. Bxc4 Bd3 16. Na3 Bxf1 17. Bxf1 O-O-O 18. Nc4 h6 19. Nxb6+ axb6 20. Bc4 Rd7
21. Rd1 Re8 22. Kf1 Nxe5 23. Re1 Rde7 24. Nxe5 Rxe5 25. Rxe5 Rxe5 26. Bxd4 Re4
27. Bxc5 bxc5 28. Bxf7 c4 29. f3 c3 30. Bb3 Rb4 31. Ke2 Rd4 32. Ke1 Rd2 33. g4
Rxh2 34. f4 c2 0-1

[Event "Høstturnering"]
[Site "Ås"]
[Date "1988.12.09"]
[Round "6"]
[White "Lea, Per"]
[Black "Wilberg, Alf"]
[Result "1-0"]
[WhiteElo "1712"]
[BlackElo "1420"]
[PlyCount "63"]
[EventDate "1988.??.??"]

1. e4 c6 2. d4 d5 3. Nc3 dxe4 4. Nxe4 Nf6 5. Nxf6+ gxf6 6. Bc4 Bf5 7. Bf4 e6 8.
Qd2 Bd6 9. O-O-O Qc7 10. Ne2 Nd7 11. Bxd6 Qxd6 12. Ng3 Bg6 13. h4 h5 14. Rhe1
O-O-O 15. Ne4 Bxe4 16. Rxe4 f5 17. Re3 Rhg8 18. g3 Nb6 19. Be2 Qd5 20. Ra3 Kb8
21. Bxh5 Nc4 22. Qf4+ Ka8 23. Bf3 Qb5 24. Rb3 Qa5 25. Kb1 e5 26. Qh6 Rg6 27.
Qc1 exd4 28. Qf4 Re6 29. c3 Ne5 30. Rxd4 Rxd4 31. Qxd4 Nxf3 32. Qh8+ 1-0

[Event "Høstturnering"]
[Site "Ås"]
[Date "1988.12.17"]
[Round "7"]
[White "Teigen, Jan"]
[Black "Lea, Per"]
[Result "1-0"]
[WhiteElo "1751"]
[BlackElo "1712"]
[PlyCount "123"]
[EventDate "1988.??.??"]

1. f4 e5 2. fxe5 d6 3. exd6 Bxd6 4. Nf3 g5 5. d4 g4 6. Ng5 Bf5 7. e4 Qe7 8. Qe2
h6 9. exf5 hxg5 10. Bxg5 f6 11. Qxe7+ Kxe7 12. Be3 Nc6 13. Nc3 Bg3+ 14. Kd1
Rxh2 15. Rxh2 Bxh2 16. Nd5+ Kd6 17. c4 Nge7 18. Nxe7 Nxe7 19. Bd3 Re8 20. Kd2
c6 21. Rh1 Bg3 22. Rh6 Ng8 23. Rg6 Be1+ 24. Kxe1 Rxe3+ 25. Kd2 Re8 26. Rxg4 Ne7
27. Re4 Rg8 28. Re6+ Kd7 29. Be4 Rf8 30. d5 cxd5 31. cxd5 Nc8 32. Ke3 Nd6 33.
Kf4 Ne8 34. Bf3 Ng7 35. Re3 Rc8 36. Rc3 Rh8 37. g4 Rh2 38. Rb3 b6 39. a4 Kd6
40. a5 bxa5 41. Rb7 Ne8 42. Rxa7 Rxb2 43. Rxa5 Rb4+ 44. Kg3 Rb3 45. Ra6+ Kd7
46. Re6 Rd3 47. Kf4 Rd4+ 48. Re4 Rd3 49. Ra4 Nc7 50. Be4 Nxd5+ 51. Bxd5 Rxd5
52. Ra7+ Ke8 53. g5 fxg5+ 54. Kxg5 Rd1 55. Kf6 Rf1 56. Ra8+ Kd7 57. Kg6 Rg1+
58. Kf7 Rf1 59. f6 Rh1 60. Ra7+ Kd8 61. Kg8 Rg1+ 62. Rg7 1-0

[Event "Høstturnering"]
[Site "Ås"]
[Date "1988.??.??"]
[Round "?"]
[White "Olsen, Trygve"]
[Black "Wilberg, Alf"]
[Result "1/2-1/2"]
[WhiteElo "1426"]
[BlackElo "1420"]
[PlyCount "93"]
[EventDate "1986.09.23"]

1. d4 Nf6 2. c4 d6 3. Nc3 Nbd7 4. e4 e5 5. d5 Be7 6. Nf3 c6 7. a4 O-O 8. Bd3 a5
9. Be3 Ng4 10. Qc1 Nxe3 11. Qxe3 Nc5 12. Bc2 Qb6 13. b3 f5 14. O-O f4 15. Qe2
Bg4 16. Rab1 g5 17. h3 Bh5 18. Qd2 Qc7 19. Nh2 Qd7 20. f3 Bd8 21. b4 axb4 22.
Rxb4 Ba5 23. Rbb1 Nxa4 24. Bxa4 Bxc3 25. Bxc6 Bd4+ 26. Qxd4 bxc6 27. dxc6 Qxc6
28. Qd5+ Qxd5 29. cxd5 Rfc8 30. Rb6 Ra2 31. Rf2 Ra1+ 32. Nf1 Rd8 33. Kh2 Be8
34. g3 Kf7 35. Nd2 Ra2 36. Kg2 Rc8 37. Nf1 Rxf2+ 38. Kxf2 Rc2+ 39. Kg1 Ke7 40.
gxf4 gxf4 41. Rb7+ Bd7 42. h4 h5 43. Rb1 Bc8 44. Ra1 Kd8 45. Ra7 Bd7 46. Ra8+
Bc8 47. Ra7 1/2-1/2

[Event "Høstturnering"]
[Site "Ås"]
[Date "1988.??.??"]
[Round "?"]
[White "Rosenfeld, Hans Joachim"]
[Black "Samset, Jon"]
[Result "1-0"]
[WhiteElo "1221"]
[BlackElo "1031"]
[PlyCount "81"]
[EventDate "1986.09.23"]

1. e4 e5 2. Nf3 Nc6 3. Bc4 Bc5 4. c3 Nf6 5. d4 Bd6 6. Bb5 Qe7 7. Bg5 O-O 8. O-O
Nd8 9. Nbd2 c6 10. Ba4 Bc7 11. Bb3 d6 12. d5 c5 13. a4 b6 14. h3 Ba6 15. Re1
Nb7 16. Ba2 Qe8 17. Bxf6 gxf6 18. b4 Nd8 19. Nh4 Kh8 20. Nf5 Rg8 21. Nf3 Bc8
22. N3h4 Bxf5 23. Nxf5 Rg5 24. h4 Rg6 25. Bc4 Nb7 26. Bb5 Qg8 27. Qf3 Rg4 28.
Nh6 Rf4 29. Nxg8 Rxf3 30. gxf3 Rxg8+ 31. Kh2 Rg6 32. Rg1 Rh6 33. Kh3 Bd8 34.
Bc6 f5 35. Bxb7 Rxh4+ 36. Kg2 fxe4 37. fxe4 Rxe4 38. Kf3 Bh4 39. Rg2 f5 40.
Rag1 cxb4 41. Rg8# 1-0

[Event "Høstturnering"]
[Site "Ås"]
[Date "1988.??.??"]
[Round "?"]
[White "Larsen, Vidar Stave"]
[Black "Grønvold, Jan"]
[Result "1/2-1/2"]
[WhiteElo "855"]
[BlackElo "1208"]
[PlyCount "60"]
[EventDate "1986.09.23"]

1. e4 c5 2. Nf3 Nf6 3. d3 Nc6 4. Nc3 d6 5. Be2 e5 6. Bg5 Be7 7. O-O Be6 8. Qd2
O-O 9. Nb1 b5 10. a4 b4 11. c4 Na5 12. Bd1 Nh5 13. Be3 f5 14. Qe1 Nf6 15. Ng5
Bd7 16. f4 h6 17. Nf3 fxe4 18. dxe4 Nxc4 19. Bc1 exf4 20. Bxf4 Nxb2 21. Bc2 Nc4
22. Bb3 Be6 23. Nbd2 d5 24. exd5 Nxd2 25. Qxd2 Nxd5 26. Bxh6 gxh6 27. Qxh6 Bf6
28. Qg6+ Kh8 29. Qh6+ Kg8 30. Qg6+ Kh8 1/2-1/2

[Event "Klubbmesterskap, klasse 1"]
[Site "NLH"]
[Date "1989.??.??"]
[Round "?"]
[White "Furnes, Harald"]
[Black "Wilberg, Alf"]
[Result "0-1"]
[WhiteElo "1398"]
[BlackElo "1410"]
[PlyCount "103"]
[EventDate "1989.02.14"]

1. d4 Nf6 2. c4 d6 3. Nc3 g6 4. e3 Bg7 5. Bd3 O-O 6. Nge2 Nbd7 7. Ng3 e5 8. d5
Nc5 9. Bc2 a6 10. a4 Ne8 11. h4 f5 12. Ra3 h6 13. b4 Nd7 14. h5 g5 15. Nxf5 Qf6
16. Qe2 Nb6 17. e4 Bxf5 18. exf5 Qf7 19. Be3 Nd7 20. g4 Nef6 21. f3 Rfe8 22.
Kf2 Bf8 23. Bb3 Kh7 24. Qd3 a5 25. b5 b6 26. Kg3 Kg7 27. Raa1 Re7 28. Rae1 Rae8
29. Bf2 Kg8 30. Bc2 Bg7 31. Qd2 Bh8 32. Rh2 Qg7 33. Bg1 Kf8 34. Rhe2 Qf7 35.
Nd1 e4 36. Bxe4 Ne5 37. Qc2 Nxe4+ 38. Rxe4 Bf6 39. Be3 Qg7 40. Bd2 Nd7 41. Nc3
Nc5 42. Rxe7 Rxe7 43. Ne4 Be5+ 44. f4 gxf4+ 45. Bxf4 Bxf4+ 46. Kxf4 Qd4 47. Kf3
Nd3 48. Re2 Ne5+ 49. Kg3 Qg1+ 50. Rg2 Qe3+ 51. Kh2 Nf3+ 52. Kh1 0-1

[Event "Klubbmesterskap, klasse 1"]
[Site "NLH"]
[Date "1989.??.??"]
[Round "?"]
[White "Brotnov, Henning Jens Birger"]
[Black "Johansen, Anders Sten"]
[Result "1-0"]
[WhiteElo "1461"]
[BlackElo "1493"]
[PlyCount "53"]
[EventDate "1989.02.14"]

1. e4 c5 2. Nf3 d6 3. Nc3 Nc6 4. Be2 Nf6 5. O-O g6 6. a3 Bg7 7. Bc4 O-O 8. Rb1
a6 9. b4 b5 10. Ba2 cxb4 11. axb4 Bg4 12. h3 Bd7 13. d4 Nh5 14. g4 Nf6 15. e5
Ne8 16. Qe2 dxe5 17. dxe5 e6 18. Bf4 Qc8 19. Ne4 f5 20. exf6 Bxf6 21. Nc5 Ng7
22. Bh6 Re8 23. Rbd1 Ra7 24. Rd6 Nxb4 25. Be3 Nxa2 26. Nd3 Rf8 27. Bxa7 1-0

[Event "Klubbmesterskap, klasse 2"]
[Site "NLH"]
[Date "1989.??.??"]
[Round "?"]
[White "Furnes, Torstein"]
[Black "Skaug, Thorbjørn"]
[Result "1/2-1/2"]
[WhiteElo "1129"]
[BlackElo "1106"]
[PlyCount "54"]
[EventDate "1989.02.14"]

1. d4 e5 2. e3 exd4 3. exd4 d5 4. Bf4 Qe7+ 5. Qe2 Qxe2+ 6. Bxe2 c6 7. Nf3 Nf6
8. O-O Bf5 9. Re1 Be7 10. c3 Nbd7 11. Nbd2 O-O 12. Ne5 Rad8 13. Ndf3 h6 14.
Rad1 Rfe8 15. Bd3 Bxd3 16. Rxd3 Ne4 17. Nd2 Nxd2 18. Rxd2 Nxe5 19. Bxe5 Bd6 20.
Rde2 Bxe5 21. Rxe5 Rxe5 22. Rxe5 Kf8 23. g4 f6 24. Re2 Kf7 25. Kg2 Rd6 26. Kg3
Re6 27. Rxe6 Kxe6 1/2-1/2

[Event "Klubbmesterskap, klasse 2"]
[Site "NLH"]
[Date "1989.??.??"]
[Round "?"]
[White "Hanssen, Fredrik"]
[Black "Larsen, Vidar Stave"]
[Result "1-0"]
[WhiteElo "963"]
[BlackElo "917"]
[PlyCount "95"]
[EventDate "1989.02.14"]

1. e4 e5 2. Nf3 Nc6 3. Nc3 d6 4. Bc4 Bg4 5. h3 Bh5 6. g4 Bg6 7. Nh4 Qxh4 8. d3
Qd8 9. h4 h6 10. Qf3 Nf6 11. h5 Nd4 12. Qd1 Bh7 13. Nb5 Nxb5 14. Bxb5+ c6 15.
Bc4 b5 16. Bb3 Qd7 17. g5 hxg5 18. Bxg5 Be7 19. Rg1 a5 20. a4 b4 21. Qf3 Bg8
22. h6 Rh7 23. Bxf6 Bxf6 24. Qh5 g6 25. Rxg6 fxg6 26. Qxg6+ Kf8 27. Qxg8+ Ke7
28. Qxh7+ Kd8 29. Qg8+ Qe8 30. h7 Bh8 31. Ke2 Kc7 32. Rg1 Qh5+ 33. Qg4 Qxh7 34.
Bg8 Qh2 35. Qg2 Qh5+ 36. Qf3 Qh2 37. Qf7+ Kb6 38. Rg6 Qh5+ 39. f3 Qh2+ 40. Kd1
Qh1+ 41. Ke2 Qh2+ 42. Kf1 Qxc2 43. Rxd6 Ra7 44. Qc4 Qxa4 45. b3 Qa1+ 46. Ke2
Qc3 47. Rxc6+ Kb7 48. Qb5+ 1-0

[Event "Klubbmesterskap, klasse 1"]
[Site "Ås"]
[Date "1989.02.14"]
[Round "1"]
[White "Grønvold, Jan"]
[Black "Lea, Per"]
[Result "0-1"]
[WhiteElo "1241"]
[BlackElo "1672"]
[PlyCount "54"]
[EventDate "1989.02.14"]

1. d4 d5 2. c4 e5 3. dxe5 d4 4. Nf3 Nc6 5. a3 Be6 6. e3 dxe3 7. Qxd8+ Rxd8 8.
Bxe3 Nge7 9. Nbd2 Ng6 10. Be2 Ngxe5 11. Nxe5 Nxe5 12. Bxa7 b6 13. Bf3 Nxf3+ 14.
gxf3 Ra8 15. Bxb6 cxb6 16. Rc1 Be7 17. Rg1 O-O 18. Ke2 Bf6 19. Rc2 Rfe8 20. Ne4
Bf5 21. Ke3 Rad8 22. Kf4 Bxe4 23. fxe4 Be5+ 24. Ke3 Bxh2 25. Rh1 Bd6 26. f4
Bc5+ 27. Kf3 Rd3+ 0-1

[Event "Klubbmesterskap, klasse 1"]
[Site "Ås"]
[Date "1989.05.30"]
[Round "3"]
[White "Teigen, Jan"]
[Black "Lea, Per"]
[Result "1-0"]
[WhiteElo "1756"]
[BlackElo "1672"]
[PlyCount "63"]
[EventDate "1989.02.14"]

1. f4 e5 2. fxe5 d6 3. exd6 Bxd6 4. Nf3 Nf6 5. d4 Nc6 6. Bg5 h6 7. Bxf6 Qxf6 8.
e4 Bg4 9. c3 O-O-O 10. Nbd2 Bf4 11. Qc2 Rhe8 12. O-O-O Bxd2+ 13. Rxd2 Bxf3 14.
gxf3 Qxf3 15. Bg2 Qh5 16. Qa4 Qa5 17. Qxa5 Nxa5 18. b3 f6 19. h4 Nc6 20. h5 Re7
21. Rg1 Rd6 22. Bh3+ Kd8 23. Bf5 Ke8 24. Rf2 Kf8 25. Bh7 Nd8 26. e5 Rde6 27.
Kd2 Kf7 28. Bd3 Ke8 29. exf6 Rxf6 30. Rxf6 gxf6 31. Rg8+ Kd7 32. Bf5+ 1-0

[Event "Klubbmesterskap, klasse 1"]
[Site "Ås"]
[Date "1989.03.14"]
[Round "4"]
[White "Lea, Per"]
[Black "Furnes, Harald"]
[Result "0-1"]
[WhiteElo "1672"]
[BlackElo "1398"]
[PlyCount "98"]
[EventDate "1989.02.14"]

1. e4 c5 2. Nf3 Nc6 3. d4 cxd4 4. Nxd4 Nf6 5. Nc3 e5 6. Ndb5 a6 7. Nd6+ Bxd6 8.
Qxd6 Qe7 9. Qd1 h6 10. Bc4 d6 11. O-O Bg4 12. f3 Bh5 13. Be3 Rc8 14. Rc1 O-O
15. Qd2 b5 16. Nd5 Nxd5 17. Bxd5 Qf6 18. c4 Ne7 19. Bb7 Rxc4 20. Rxc4 bxc4 21.
Bxa6 d5 22. Bb7 d4 23. Bf2 Qb6 24. Bd5 Nxd5 25. exd5 Rd8 26. f4 f6 27. fxe5
fxe5 28. Bh4 Rxd5 29. Qf2 Qc5 30. Qf5 e4 31. Qxe4 d3+ 32. Bf2 Qb5 33. Bd4 d2
34. Qe6+ Kh7 35. Bxg7 Qc5+ 36. Kh1 Kxg7 37. Qf6+ Kh7 38. Rd1 Bxd1 39. Qf7+ Kh8
40. Qf6+ Kg8 41. Qg6+ Kf8 42. Qf6+ Ke8 43. Qe6+ Kd8 44. Qf6+ Kc7 45. Qf7+ Rd7
46. Qf4+ Kc6 47. Qe4+ Qd5 48. Qg6+ Kc7 49. Qg3+ Qd6 0-1

[Event "Klubbmesterskap, klasse 1"]
[Site "Ås"]
[Date "1989.04.04"]
[Round "5"]
[White "Johansen, Anders Sten"]
[Black "Lea, Per"]
[Result "1/2-1/2"]
[WhiteElo "1493"]
[BlackElo "1672"]
[PlyCount "51"]
[EventDate "1989.02.14"]

1. e4 e5 2. Nf3 Nc6 3. Bb5 a6 4. Ba4 Nf6 5. O-O Be7 6. Re1 b5 7. Bb3 O-O 8. c3
d6 9. h3 Na5 10. Bc2 c5 11. d4 Qc7 12. Nbd2 cxd4 13. cxd4 Nc6 14. dxe5 dxe5 15.
a3 Rd8 16. Qe2 Bb7 17. Nf1 Rac8 18. Be3 Nd4 19. Bxd4 exd4 20. Bd3 Bc5 21. Rac1
Qe7 22. Ng3 g6 23. Qd2 Nd7 24. Qh6 Qf8 25. Qh4 Qe7 26. Qh6 1/2-1/2

[Event "Klubbmesterskap, klasse 1"]
[Site "Ås"]
[Date "1989.05.04"]
[Round "6"]
[White "Lea, Per"]
[Black "Wilberg, Alf"]
[Result "1/2-1/2"]
[WhiteElo "1672"]
[BlackElo "1410"]
[PlyCount "46"]
[EventDate "1989.02.14"]

1. c4 b6 2. d4 e6 3. Nc3 Bb7 4. Bf4 Bb4 5. a3 Bxc3+ 6. bxc3 d6 7. e3 Nf6 8. Nf3
O-O 9. Bd3 Nbd7 10. O-O Re8 11. Be2 e5 12. Bg3 Ne4 13. Qc2 Nxg3 14. hxg3 e4 15.
Nd2 Qg5 16. Rfb1 f5 17. Nf1 Re6 18. Qd2 Rh6 19. f4 exf3 20. Bxf3 Bxf3 21. gxf3
Nf6 22. Qg2 Re8 23. Kf2 Qh5 1/2-1/2

[Event "Klubbmesterskap, klasse 1"]
[Site "Ås"]
[Date "1989.04.18"]
[Round "7"]
[White "Olsen, Trygve"]
[Black "Lea, Per"]
[Result "1-0"]
[WhiteElo "1377"]
[BlackElo "1672"]
[PlyCount "81"]
[EventDate "1989.02.14"]

1. d4 d5 2. c4 e5 3. dxe5 d4 4. e4 Nc6 5. Bf4 Nge7 6. h3 Ng6 7. Bg3 Ngxe5 8.
Bxe5 Nxe5 9. a3 Be6 10. Nf3 Nxf3+ 11. Qxf3 c5 12. Qd3 Bd6 13. Be2 O-O 14. O-O
f5 15. Bf3 Qh4 16. Nd2 g5 17. exf5 Bxf5 18. Be4 Qf4 19. g3 Bxe4 20. Nxe4 Qe5
21. Rae1 Bc7 22. b4 cxb4 23. axb4 a5 24. Nc5 Qd6 $2 (24... Qf6 25. bxa5 (25.
Nd7 Qf5) 25... Bxa5 26. Re6 $16) 25. Re6 Qd8 26. Nxb7 Qd7 27. Nc5 Qf7 28. b5
Rad8 $2 (28... a4) 29. Rc6 Rd6 30. Rxd6 Bxd6 31. Ne4 Qe7 32. Qxd4 Rd8 33. Qd5+
Kh8 34. Nxg5 Bxg3 35. Nf7+ Kg7 36. Nxd8 Be5 37. Ne6+ Kf6 38. f4 Bb8 39. Qg5+
Kf7 40. Qg7+ Ke8 41. Qxe7+ 1-0

[Event "Klubbmesterskap, klasse 1"]
[Site "Ås"]
[Date "1989.04.25"]
[Round "8"]
[White "Lea, Per"]
[Black "Brotnov, Henning J B"]
[Result "0-1"]
[WhiteElo "1672"]
[BlackElo "1461"]
[PlyCount "82"]
[EventDate "1989.02.14"]

1. e4 e5 2. Nf3 Nc6 3. Bb5 a6 4. Ba4 Bc5 5. O-O Nge7 6. c3 O-O 7. d4 exd4 8.
cxd4 Ba7 9. d5 Na5 10. b4 Nc4 11. Qd3 b5 12. Bc2 Ng6 13. Nc3 Nge5 14. Nxe5 Nxe5
15. Qg3 Qf6 16. Rb1 d6 17. Ne2 Nc4 18. Bg5 Qe5 19. Bf4 Qh5 20. Bd1 Bg4 21. Nd4
Bxd1 22. Rfxd1 Bxd4 23. Rxd4 Rae8 24. a4 f5 25. axb5 axb5 26. f3 fxe4 27. fxe4
Rf6 28. Re1 Ref8 29. Qg5 Qe8 30. g3 Qa8 31. Rdd1 Rg6 32. Qh4 Qa7+ 33. Kh1 Qa3
34. Qh3 Rxf4 35. Qd7 Rf8 36. Qxc7 Rgf6 37. Ra1 Qxb4 38. Reb1 Nb2 39. Ra7 Qxe4+
40. Kg1 Qxb1+ 41. Kg2 Qf1# 0-1